|
|
|
|
| LEADER |
00842nam a2200229 a 4500 |
| 001 |
GR-MES1289 |
| 008 |
991111s1988 xxk 000 b gre d |
| 020 |
|
|
|a 0860031667
|
| 040 |
|
|
|a GrPaTEI
|b gre
|c GR-PaULI
|
| 245 |
0 |
0 |
|a Economics of change in less developed countries.
|
| 260 |
|
|
|a Oxford :
|b Philip Allan,
|c 1988
|
| 300 |
|
|
|a 445σελ. :
|b πιν.
|
| 650 |
|
0 |
|a OIKONOMIA
|
| 650 |
|
4 |
|a ΟΙΚΟΝΟΜΙΚΗ ΑΝΑΠΤΥΞΗ
|
| 650 |
|
4 |
|a ΥΠΟΑΝΑΠΤΥΚΤΕΣ ΠΕΡΙΟΧΕΣ
|
| 700 |
1 |
|
|a Colman, D.
|
| 700 |
1 |
|
|a Nixson, F.
|
| 710 |
0 |
|
|a Philip Allan
|
| 942 |
|
|
|2 ddc
|
| 952 |
|
|
|0 0
|1 0
|2 ddc
|4 0
|6 330_917000000000000_COL
|7 0
|9 265335
|a MSLG
|b MSLG
|c BSC
|d 2021-01-17
|e 24
|f 0
|g 0.00
|l 0
|o 330.917 COL
|p 2420000002702
|r 2021-01-17 00:00:00
|t 1
|w 2021-01-17
|y BK15
|x 19991111 0 1
|x GrPaTEI
|
| 971 |
|
|
|a .b25723315
|b 15-04-20
|c 13-09-16
|
| 999 |
|
|
|c 152550
|d 152550
|